MDQL
is popping MORE tags! Check the
thread
!
Quizzes
Events
Quiz Creation
Community
Videos
Private Events
Remove Ads
Sign In
Join for FREE
Feedback
Dark Mode
Quiz Categories
Sports
Geography
Music
Movies
Television
Just For Fun
Miscellaneous
History
Literature
Language
Science
Gaming
Entertainment
Religion
Holiday
For Kids
Quiz Lab
Recent
Popular Today
Quiz Kudos Today
Editor Picks
Curator Picks
Quizzes by...
Day
Popularity
Type
Ratings
Length
Year
Community
Subscriptions
Recent Discussions
Orange Saloon
Badges
Playlists
Quests
Create
Leaderboards
Showdown
Live 5
Trivia Bingo
Activity
Puzzle Library
Sporcle Events
Private Events
Virtual Trivia
Globe League
Become a Host
Pub Owners
SporcleCon
Opinionation
Our Games
Videos
Blog
Mobile Apps
Partnerships
Remove Ads and Go Orange
Feedback
Entertainment
Celebrity
Famous
Musical
Broadway
Show
Quote
Comic Books
Anime
Superhero
DC Comics
Marvel
Cartoons
Animation
Entertainment
Celebrity
Famous
Musical
Broadway
Show
Quote
Comic Books
Anime
Superhero
DC Comics
Marvel
Cartoons
Animation
Random Quiz
Search Sporcle
×
Quiz Lab
Quiz Lab
Entertainment
Movie Characters
Select answers by clicking on text or image buttons
Select answers by clicking on text or image buttons
Clickable
Best Score? Go Orange.
Match the movie character with the movie Stats
Can you pick the Match the movie character with the movie
By
tunnel
10m
50 Questions
63 Plays
63 Plays
63 Plays
Comments
Comments
Give Quiz Kudos
Give Quiz Kudos
-
- Ratings
hide this ad
Forced Order
Answers have to be entered in order
Answers have to be entered in order
Replay
Link that replays current quiz
Next Quiz
Link to next quiz in quiz playlist
You Got
0%
They Got
Avg Score
34%
Avg Friend Score
Upgrade to see
Score Distribution
Jump to the score distribution portion of the page
Score
0/50
Timer
10:00
0
Plays Today
% Correct
Shawshank Redemption
88.7%
Meet The Parents
87.1%
American Beauty
86.2%
American Psycho
82.3%
Dumb and Dumber
81.3%
Die Hard
81.3%
Rain Man
76.5%
Gran Torino
69.4%
Schindler's List
69.4%
The Usual Suspects
64.3%
Fargo
61.3%
Cast Away
58.6%
American History X
56.3%
Quiz Show
51.6%
Pulp Fiction
50%
Do the Right Thing
48.4%
Con Air
48.4%
The Bad News Bears
46.8%
Revenge of the Nerds
46.7%
American Pie
45.2%
Reservoir Dogs
45.2%
The Jackal
43.8%
The Road Warrior
43.5%
Benny & Joon
42.9%
Midnight Express
42.6%
% Correct
The Wolf of Wall Street
41.9%
The Hand That Rocks The Cradle
41.2%
Eyes Wide Shut
41.2%
Rollerball
39.3%
Full Metal Jacket
38.7%
Natural Born Killers
37.3%
A Night at the Roxbury
35.7%
25th Hour
35.5%
Scarface
35.5%
Sling Blade
35.5%
Midnight Run
35.5%
First Blood
34%
Cape Fear
33.9%
Slap Shot
33.9%
The Great Escape
33.9%
The Grey
32.3%
Death Wish
32.3%
Serial
30.6%
Where Eagles Dare
30.6%
A Simple Plan
30.6%
The Hitcher
29%
Swimming With Sharks
28.6%
Falling Down
27.4%
Dreamscape
27.4%
Reckless
21.4%
Quiz Playlist
Details
Report
Send in Message
Add To Playlist
Clickable:
Select answers by clicking on text or image buttons
Forced Order:
Answers have to be entered in order
Last Updated: Feb 16, 2017
Quiz Scoreboard
CHALLENGE
Sign Up to Join the Scoreboard
Show All
Scores
Hide
Comments
May contain spoilers
Recently Published
5x2 Blitz: Bands
by SL_Kpop136
Music
30s
Colored Red Africa Blitz
by spor1
Geography
30s
Find the 'City' Movie
by crazypaving
Movies
60s
More to Explore
Quiz From the Vault
Featured Blog Post
14 Easter Pick-up Lines to Find Eggs With
hide this ad
You Might Also Like...
Tags
Movie Characters Quiz
Today's Top Quizzes in Entertainment
Browse Entertainment
hide this ad
Today's Top Quizzes in Movie Characters
Browse Movie Characters
Top Contributed Quizzes in Entertainment
1
Dragon Ball Z: Goku's Fights in Order
2
Marvel Characters Bunker
3
Marvel Classic Character Map
4
Celebrity Spelling Bee
5
This is Your Life: Edward Elric
6
This is Your Life: Itachi Uchiha
7
Dragon Ball Z: Immortal Characters
8
X-Men: 10 to 1
9
Fairy Tail 12-1
10
Finish The Line - Starship (Starkid)
Explore More
Trending Topics
Kpop
Anime
Marvel
Disney
Crossword
NBA
Harry Potter
WWE
NFL
Country
Puzzle
Soccer
The Office
Pokémon
Song
hide this ad
More By:
tunnel
Quiz
Plays
Rating
Category
Featured
Created
Formula 1 Driving Leaders (1970s)
46,886
4.55
Sports
Mar 23, 2010
Largest 300 cities in California
21,060
4.82
Geography
Oct 10, 2011
Pittsburgh Pirates lineups 1970-1989
5,741
3.73
Sports
Aug 31, 2010
Largest 200 cities in California - 2010 census
5,046
4.58
Geography
Oct 5, 2011
Formula 1 drivers - 1990s
3,657
4.50
Sports
Mar 22, 2010
Go to Creator's Profile
Score Distribution
Quiz Creator Spotlight
tunnel
Follow
Send a Message
Quizzes Created
-
Created Quiz Play Count
-
More By This Creator
Popular Quizzes Today
1
Find the 'City' Movie
2
Colored Red Africa Blitz
3
Find the US States - No Outlines Minefield
4
5x2 Blitz: Bands
5
The Countries of the World
6
Find the US States
7
US States
8
9x9 Crossword: Cartoon Network
More Entertainment Quizzes
Fictional Characters Who Are Pink
Published
Trending Quizzes
Colored Red Europe Blitz I
Colored Red Africa Blitz II
Colored Red Europe Blitz II
Colored Red Africa Blitz III
Colored Red Europe Blitz III
Recently Updated
Famous TV Couples
Peacemaker
Champions League XIs: Real Madrid
pecheneg
Largest US Cities 1790-2010
pecheneg
Rides in Walt Disney World
pecheneg
Most Oscar Losses (Acting)
pecheneg
Beyoncé Albums
pecheneg
Leaping Animals
pecheneg
Reality TV Shows (A-Z)
bhenderson79
Rickey Henderson's Hall of Fame Teammates
pecheneg
Champions League XIs: Arsenal
pecheneg
Trending Topics
Harry Potter
Kpop
Marvel
Crossword
Disney
NBA
Anime
Country
Song
WWE
The Office
Puzzle
NFL
Pokémon
Soccer
Your Account Isn't Verified!
In order to create a playlist on Sporcle, you need to verify the email address you used during registration. Go to your
Sporcle Settings
to finish the process.
Report this User
Report this user for behavior that violates our
Community Guidelines
.
Details:
Send Report
Go to the Sporcle.com Mobile Site →
Comments